000 00255nam a2200109 a 4500
005 20200930075845.0
008 120124s1971 000 spa d
020 _a0672535076
245 0 _aThe big two.
260 _aIndianapolis,
_c1971.
999 _c36147
_d36147
040 _aDO-SdBNP